000 00691nam a2200205Ia 4500
003 GCL
008 140319s9999 xx 000 0 ara d
040 _aGCL /
_cGCL
082 0 4 _a939.4
_bب م
100 1 _aبابليون، جان
245 1 0 _aامبراطوريات سوريات : تاريخ فترة التاثير السورى فى الامبراطورية الرومانية /
_cبابليون، جان
700 1 _aيوسف شلب
300 _a293 ص
490 _a
650 0 4 _aسوريا القديمة
650 0 4 _aالامبراطورية الرومانية
650 0 4 _aسوريا - تاريخ
650 0 4 _aالحكم الرومانى - 632 م
942 _2ddc
_cBK
999 _c44388
_d44388